书目信息 |
| 题名: |
马王堆汉墓发掘记
|
|
| 作者: | 岳南 著 | |
| 分册: | ||
| 出版信息: | 海口 海南出版社 2007 |
|
| 页数: | 229页 | |
| 开本: | 23cm | |
| 丛书名: | 考古中国系列 | |
| 单 册: | ||
| 中图分类: | I253.9 | |
| 科图分类: | ||
| 主题词: | 报告文学--中国--现代 , 马王堆汉墓--考古发掘 , 报告文学 , 马王堆汉墓 , 考古发掘 | |
| 电子资源: | ||
| ISBN: | 978-7-5443-2026-9 | |
| 000 | 00995oam2 2200313 450 | |
| 001 | 003487950 | |
| 005 | 20091208152239.85 | |
| 010 | @a978-7-5443-2026-9@dCNY28.00 | |
| 100 | @a20070608d2007 em y0chiy0110 ea | |
| 101 | 0 | @achi |
| 102 | @aCN@b460000 | |
| 105 | @aa z 000zd | |
| 106 | @ar | |
| 200 | 1 | @a马王堆汉墓发掘记@9ma wang dui han mu fa jue ji@f岳南著 |
| 210 | @a海口@c海南出版社@d2007 | |
| 215 | @a229页@c照片@d23cm | |
| 225 | 2 | @a考古中国系列@v7 |
| 300 | @a中国首部考古纪实文学力作 | |
| 330 | @a本书以纪实的手法,展现了马王堆三座汉墓考古发掘的时代背景和详细内容,描述了在特殊的背景和政治生活条件下,墓葬的发掘者、支持者、参与者们所付出的艰辛与痛苦。 | |
| 461 | 0 | @12001 @a考古中国系列@v7 |
| 606 | 0 | @a报告文学@y中国@z现代 |
| 606 | 0 | @a马王堆汉墓@x考古发掘 |
| 606 | 0 | @a报告文学 |
| 606 | 0 | @a马王堆汉墓 |
| 606 | 0 | @a考古发掘 |
| 690 | @aI253.9@v4 | |
| 701 | 0 | @a岳南@9yue nan@f(1963~)@4著 |
| 801 | 0 | @aCN@bNLC@c20091208 |
| 905 | @b20796463-68@dI253.9@e776@f6 | |
| 马王堆汉墓发掘记/岳南著.-海口:海南出版社,2007 |
| 229页:照片;23cm.-(考古中国系列;7) |
| 中国首部考古纪实文学力作 |
| ISBN 978-7-5443-2026-9:CNY28.00 |
| 本书以纪实的手法,展现了马王堆三座汉墓考古发掘的时代背景和详细内容,描述了在特殊的背景和政治生活条件下,墓葬的发掘者、支持者、参与者们所付出的艰辛与痛苦。 |
| ● |
| 相关链接 |
|
|
|
|
正题名:马王堆汉墓发掘记
索取号:I253.9/776
 
预约/预借
| 序号 | 登录号 | 条形码 | 馆藏地/架位号 | 状态 | 备注 |
| 1 | 796463 | 207964639 | 第一样本阅览室/ [索取号:I253.9/776] | 在馆 | |
| 2 | 796464 | 207964648 | 第二借阅区/ [索取号:I253.9/776] | 在馆 | |
| 3 | 796465 | 207964657 | 第二借阅区/ [索取号:I253.9/776] | 在馆 | |
| 4 | 796466 | 207964666 | 第二借阅区/ [索取号:I253.9/776] | 在馆 | |
| 5 | 796467 | 207964675 | 第二借阅区/ [索取号:I253.9/776] | 在馆 | |
| 6 | 796468 | 207964684 | 第二借阅区/ [索取号:I253.9/776] | 在馆 |